1930 1560 1882 1074 1742 1941 1314 1518 1520 1357 1777 1859 1946 1136 1110 1922 1408 1196 1773 1565 1529 1424 1980 1702 1270 1035 1573 1272 1146 1613 1517 1297 1015 1214 1764 1302 1284 1136 1669 1763 1898 1987 1693 1990 1667 1096 1136 1109 1888 1939 1102 1945 1967 1650 1920 1575 1211 1288 1819 1744 1881 1670 1235 1168 1101 1775 1347 1590 1801 1950 1653 1538 1085 1769 1104 1389 1353 1001 1838 1710 1276 1143 1203 1938 1974 1724 1411 1491 1087 1400 1772 1177 1849 1712 1347 1626 1907 1247 1503 BCNSPRNW ULIB Ver.6.0+V

เปลี่ยนเป็นภาษาไทย

Change to English
 แสดงรายละเอียดบรรณานุกรม
  กลับหน้าหลัก

Brief Record : Get Marc (ISO 2709) : E-mail record : QR code < ปิดหน้าต่าง
LEADER : 00000nam 2200000uu 4500
001    13399112971
003     ULIB
008    110920s2553||||th 000 0 tha d
020    9789740327264
060 04 WY20.5^bอ664ก 2553
100 0  อารีย์วรรณ อ่วมตานี
245 10 การวิจัยเชิงคุณภาพทางการพยาบาล =^bQualitative research innursing /^cอารีย์วรรณ อ่วมตานี
246 31 Qualitative research in nursing
250    พิมพ์ครั้งที่ 2
260    กรุงเทพฯ :^bคณะพยาบาลศาสตร์ จุฬาลงกรณ์มหาวิทยาลัย,^c2553
300    297 หน้า ;^c21 ซม.
650  4 การพยาบาล^xวิจัย
650  4 วิจัยเชิงคุณภาพ
710 2  จุฬาลงกรณ์มหาวิทยาลัย. ^bคณะพยาบาลศาสตร์
945    ^p250^l0^i18574
945    ^p250^l0^i18575
945    ^p250^l0^i18752
945    ^p250^l0^i18753
995     กัณชพร
999    ^aใช้งานได้ทุกระบบ
รายการนี้ยังไม่มีแท็ก
คุณยังไม่ได้ล็อกอิน คุณสามารถมีกิจกรรมร่วมกับเว็บไซต์ได้ แต่ต้องล็อกอินก่อน ::
  ล็อกอิน

รายการสื่อสารสนเทศ

ลำดับที่ ประเภท เลขเรียก/บาร์โค้ด สถานที่ สถานะ
1. วิทยาศาสตร์การแพทย์ และสุขภาพ
หนังสือสำรอง
สถานะ=หนังสือสำรอง
WY20.5 อ664ก 2553 ฉ.1 
  Barcode: 18574
ห้องสมุดวิทยาเขตนครสวรรค์
►ส่วนจัดเก็บหนังสือเก่า นว.
บนชั้น
  ขอยืม
2. วิทยาศาสตร์การแพทย์ และสุขภาพ
วิทยาศาสตร์การแพทย์ และสุขภาพ
WY20.5 อ664ก 2553 ฉ.2 
  Barcode: 18575
ห้องสมุดวิทยาเขตนครสวรรค์
►ส่วนจัดเก็บหนังสือเก่า นว.
บนชั้น
  ขอยืม
3. วิทยาศาสตร์การแพทย์ และสุขภาพ
วิทยาศาสตร์การแพทย์ และสุขภาพ
WY20.5 อ664ก 2553 ฉ.4 
  Barcode: 18753
ห้องสมุดวิทยาเขตนครสวรรค์
►ส่วนจัดเก็บหนังสือเก่า นว.
บนชั้น
  ขอยืม

รายการใกล้เคียง
    ผู้แต่ง [อารีย์วรรณ อ่วมตานี]

    หัวเรื่อง [วิจัยเชิงคุณภาพ]

BibComment


ยังไม่เคยถูกคอมเมนท์

คอมเมนท์ทรัพยากรรายการนี้
  คอมเมนท์: การวิจัยเชิงคุณภา..


 Copyright 2026. Bcnsprnw @Library